The heart of change
| Main Author: | |
|---|---|
| Other Authors: | |
| Format: | Book |
| Published: |
Boston :
Harvard Business School Press ,
2002
|
| Subjects: |
MARC
| LEADER | 00000cam a2200000 7i4500 | ||
|---|---|---|---|
| 001 | 0000013362 | ||
| 005 | 20050429.0 | ||
| 020 | |a 1578512549 | ||
| 040 | |a INS | ||
| 090 | 0 | 0 | |a HD58.8 |b K645 2000 |
| 100 | 1 | |a Kotter, John P. | |
| 245 | 1 | 0 | |a The heart of change |c John P. Kotter |
| 260 | |a Boston : |b Harvard Business School Press , |c 2002 | ||
| 300 | |a vi : |b 190p ; |c 23cm. | ||
| 650 | 0 | 0 | |a Organizational change |
| 700 | 1 | |a Dan S.Choen | |
| 999 | |a 0000013483 |b BOOK |c Open Shelf |e Default branch | ||